000 00813nam a2200253Ia 4500
003 OSt
005 20220927112223.0
006 a|||||r|||| 00| 0
007 ta
008 220926b |||||||| |||| 00| 0 eng d
024 _a105050
037 _cReports
040 _aRTL
_cRTL
_beng
041 _2eng
_aeng
082 _a"X9(J781):9-16.23572.N27t, F8"
110 _a"Bombay, Government of..... Labour (Office)"
_9383333
245 0 _aReport of an enquiry into family budgets of cotton
260 _aBombay
_bGovernment Central Press India
_c1928
300 _a82p.
_ccm.
650 _aCotton Industry
_9356596
700 _a"Bombay, Government of..... Labour (Office)"
_9383334
942 _h"X9(J781):9-16.23572.N27t, F8"
_cCC
999 _c699932
_d699932